Bilecik Bilecik Bilecik Bilecik Bilecik

Rekabet kurallarının ülke dışı uygulanması/ (Record no. 16677)

MARC details
000 -BAŞLIK
Sabit Uzunluktaki Kontrol Alanı 01055nam a22003617a 4500
001 - KONTROL NUMARASI
Control Dosyası 0016716
003 - KONTROL NUMARASI KİMLİĞİ
Kontrol Alanı KOHA_MİRAKIL
005 - EN SON İŞLEM TARİHİ ve ZAMANI
Kontrol Alanı 20260207002113.0
007 - FİZİKSEL TANIM SABİT ALAN - GENEL BİLGİ
Sabit uzunluklu kontrol alanı ta
008 - SABİT UZUNLUKTAKİ VERİ ÖGELERİ - GENEL BİLGİ
Sabit Alan 100422b2000 tu |||gr||||#||||0|tur |
020 ## - ISBN - ULUSLARARASI STANDART KİTAP NUMARASI
Isbn 9758301152
Kullanılabilirlik koşulları 0,01
040 ## - KATALOGLAMA KAYNAĞI
Özgün Kataloglama Kurumu TR-BiSEU
Kataloglama Dili tur
Çeviri Kurumu TR-BiSEU
Açıklama Kuralları rda
041 0# - DİL KODU
Metin ya da ses kaydının dil kodu tur
044 ## - YAYINLAYAN/ÜRETEN KURULUŞUN ÜLKE KODU
ISO country code tu
050 ## - SINIFLAMA ve YER NUMARASI
Sınıflama Numarası HF1414
Yer Numarası .E76 2000
100 1# - KİŞİ ADI
Yazar Adı (Kişi adı) Erol, Kemal.
245 1# - ESER ADI BİLDİRİMİ
Başlık Rekabet kurallarının ülke dışı uygulanması/
Sorumluluk Bildirimi Kemal Erol ; Kemal Erol.
264 #1 - ÜRERİM, YAYIN, DAĞITIM ve TELİF BİLDİRİMİ
Yayın yeri Ankara :
Yayınlayan Rekabet Kurumu
Yayın tarihi 2000
300 ## - FİZİKSEL TANIMLAMA
Sayfa, Cilt vb. ix, 194 sayfa; 23 cm.
336 ## - İÇERİK TÜRÜ
Content type term metin
Content type code txt
Source rdacontent
337 ## - MEDYA TÜRÜ
Media type term aracısız
Media type code n
Source rdamedia
338 ## - TAŞIYICI TÜRÜ
Carrier type term cilt
Carrier type code nc
Source rdacarrier
490 1# - DİZİ BİLDİRİMİ
Dizi Bildirimi Rekabet Kurumu.
490 1# - DİZİ BİLDİRİMİ
Dizi Bildirimi Lisanüstü tez serisi ;
Cilt Numarası 1.
500 ## - GENEL NOT
Genel Not Kaynakça var.
650 #0 - KONU BAŞLIĞI EK GİRİŞ - KONU TERİMİ
Konusal terim veya coğrafi ad Competition--Turkey.
9 (RLIN) 10338
650 #0 - KONU BAŞLIĞI EK GİRİŞ - KONU TERİMİ
Konusal terim veya coğrafi ad Competition.
9 (RLIN) 4785
650 #0 - KONU BAŞLIĞI EK GİRİŞ - KONU TERİMİ
Konusal terim veya coğrafi ad Rekabet.
9 (RLIN) 3533
650 #0 - KONU BAŞLIĞI EK GİRİŞ - KONU TERİMİ
Konusal terim veya coğrafi ad Rekabet--Türkiye.
9 (RLIN) 18160
830 1# - SERİ EK GİRİŞİ - TEKBİÇİM ESER ADI
Tekbiçim Başlık Rekabet Kurumu.
9 (RLIN) 6192
830 1# - SERİ EK GİRİŞİ - TEKBİÇİM ESER ADI
Tekbiçim Başlık Lisanüstü tez serisi ;
Volume number/sequential designation 1.
9 (RLIN) 38747
942 ## - EK GİRİŞ ÖGELERİ (KOHA)
Source of classification or shelving scheme Library of Congress Classification
Koha item type Book
Holdings
Materyal Türü Kalıcı Konum Mevcut Konum Raf Yeri Sınıflandırma Kaynağı Edinim Bilgisi Ana Konular Alt Konular Yer Numarası Demirbaş Numarası Fatura Tarihi Geri Çekilme Durumu Kayıp Durumu Hasarlı Durumu Kredi için değil Kayıt Tarih Toplam Ödünçverme Son Görülme Tarihi Son Kontrol Tarihi Genel / Bağış Notu
Book Prof. Dr. Azmi Özcan Kütüphanesi Prof. Dr. Azmi Özcan Kütüphanesi Uluğbey Salonu Library of Congress Classification Bağış SOSYAL BİLİMLER Ticaret HF1414 .E76 2000 0016716 13/08/2010         22/04/2010   05/12/2024 05/12/2024 Genel Bağış